00513nam a2200145 a 450000100100000000500170001000800410002704000250006808200150009310000260010824501230013426000450025730000330030250000320033500002864120200930055042.0110411s1994 dr d 000 0 spa d aDO-SdBNPbspacBNPHU axxxbV335s1 aVásquez H., Luis F.13aEl seguro de interrupción de negocio :bUn analisis teórico-práctico y manual de trabajo /cLuis F. Vásquez H. aSanto Domingo :bImpresora Angel,c1994. a197 p. :bdiagrama ;c28 cm. aIncluye índice temático